A čo na to občan? Pokus o pohľad z druhej strany

Podrobná bibliografia
Hlavný autor: Vojtková, Viera, 1939- (Autor)
Médium: Článok
Jazyk:slovenčina
Predmet:

MARC

LEADER 00000nab a2200000 a 4500
001 vtls000547287
003 SK-MaSNL
005 20260305022411.0
008 140301c1995 xo 0 slo
015 |a SNBRB19rr/mm-uuuuu 
035 |a CL0547425 
040 |a SNKBUCL  |b slo  |c SNKBUCL  |e AACR2 
041 0 |a slo 
044 |a xo  |c SK 
080 |a 711.43:72  |2 1981 
080 |a 72  |2 1981 
100 1 |a Vojtková, Viera,  |d 1939-  |4 aut  |9 222293 
245 1 0 |a A čo na to občan?  |b Pokus o pohľad z druhej strany  |c Viera Vojtková 
300 |b Fotogr. 1 
650 0 7 |a mestá  |2 snkbucl  |9 2929 
650 0 7 |a územné plánovanie  |2 snkbucl  |9 2641 
650 0 7 |a architektúra  |2 snkbucl  |9 722 
655 7 |a články z novín a časopisov  |2 snkbucl  |9 267496 
773 0 |t Projekt  |g Roč. 37, č. 2 (1995), s. 2 
850 |a Slovenská národná knižnica v Martine  |a MTA001 
852 |a SNK  |b KIS3GCP 
958 |a RK 
992 |a RBX 
999 |c 3290523  |d 3292453